Online
Catalog

Lejos del nido : (Record no. 8602)

MARC details
000 -CABECERA
campo de control de longitud fija 00602cam a2200193 a 4500
001 - NÚMERO DE CONTROL
campo de control 000008833
005 - FECHA Y HORA DE LA ÚLTIMA TRANSACCIÓN
campo de control 20200929161424.0
008 - DATOS DE LONGITUD FIJA--INFORMACIÓN GENERAL
campo de control de longitud fija 830831s1964 ck 000 1 spa
040 ## - FUENTE DE LA CATALOGACIÓN
Centro catalogador/agencia de origen DO-SdBNP
Lengua de catalogación spa
Centro/agencia transcriptor BNPHU
082 ## - NÚMERO DE LA CLASIFICACIÓN DECIMAL DEWEY
Número de clasificación Co863.44
Número de documento/Ítem B748L
100 1# - ENTRADA PRINCIPAL--NOMBRE DE PERSONA
Nombre de persona Botero, Juan José,
Fechas asociadas al nombre 1840-1926.
9 (RLIN) 23388
245 10 - MENCIÓN DE TÍTULO
Título Lejos del nido :
Resto del título novela /
Mención de responsabilidad, etc. Juan José Botero.
260 ## - PUBLICACIÓN, DISTRIBUCIÓN, ETC.
Lugar de publicación, distribución, etc. Medellín, Colombia :
Nombre del editor, distribuidor, etc. Bedout,
Fecha de publicación, distribución, etc. [1964].
300 ## - DESCRIPCIÓN FÍSICA
Extensión 304 p. ;
Dimensiones 19 cm.
490 1# - MENCIÓN DE SERIE
Mención de serie Bolsilibros Bedout
Designación de volumen o secuencia 10
650 #4 - PUNTO DE ACCESO ADICIONAL DE MATERIA--TÉRMINO DE MATERIA
Término de materia o nombre geográfico como elemento de entrada Novela colombiana
9 (RLIN) 1243
650 #4 - PUNTO DE ACCESO ADICIONAL DE MATERIA--TÉRMINO DE MATERIA
Término de materia o nombre geográfico como elemento de entrada Literatura colombiana
9 (RLIN) 1244
830 #0 - PUNTO DE ACCESO ADICIONAL DE SERIE-TÍTULO UNIFORME
Título uniforme Bolsilibros Bedout,
Designación de volumen o secuencia 10
9 (RLIN) 3750
Holdings
Estado de retiro Estado de pérdida Restricciones de uso No para préstamo Código de colección Localización permanente Ubicación/localización actual Ubicación en estantería Fecha de adquisición Número de inventario Total de préstamos Signatura topográfica completa Código de barras Fecha visto por última vez Precio válido a partir de Tipo de ítem Koha
    Préstamo interno   Monografías: Libros y Folletos General General En catalogación 18.09.2009 LF1   Co863.44 B748L 8833-10 25.06.2020 25.06.2020 Préstamo interno

Powered by Koha